| 000 | 01040cam a2200277 a 4500 | ||
|---|---|---|---|
| 001 | 2387 | ||
| 005 | 20231204112743.0 | ||
| 020 | _a9780439779364 | ||
| 040 |
_aDLC _cDLC _dDLC _beng |
||
| 050 | 0 | 0 |
_aPZ7.P173 _b1999 |
| 082 | 0 | 0 | _a398.8 |
| 100 | 1 | _aPak, Soyung | |
| 245 | 1 | 0 |
_aDear Juno / _cby Soyung Pak ; illustrated by Susan Kathleen Hartung |
| 260 |
_bScholastic, _aNew York : _c1999 |
||
| 300 |
_a29 unnumbered pages _bColor illustrations _c21 cm |
||
| 505 | _aJ | ||
| 520 | _aAlthough Juno, a Korean American boy, cannot read the letter he receives from his grandmother in Seoul, he understands what it means from the photograph and dried flower that are enclosed and decides to send a similar letter back to her. | ||
| 521 |
_a500 AD
_bLexile |
||
| 521 |
_aJ
_bRaz-Plus |
||
| 650 | 1 |
_aGrandmothers _xFiction. |
|
| 650 | 1 |
_aLetters _xFiction. |
|
| 650 | 1 |
_aKorean Americans _xFiction. |
|
| 700 | 1 |
_aHartung, Susan Kathleen _eillustrator |
|
| 906 |
_a7 _bcbc _corignew _d1 _eocip _f19 _gy-gencatlg |
||
| 942 |
_2ddc _cBK _n0 |
||
| 999 |
_c2387 _d2387 |
||